000 00554cam a2200217 4500
008 090401t1994 xxu||||| |||| 00| 0 eng d
020 _a185811022X
035 _a(Sirsi) u21931
041 _aeng
050 _a711.026
100 _aForbes, David
245 _aPlanning law for conveyancers.
260 _aSutton Coldfield
_bCentral Law Publishing
_c1994
300 _axxviii,185p. ; 23cm.
350 _a24.95
650 _aCONVEYANCING
650 _aPLANNING LAW
690 _aPLANNING LAW AND PRACTICE
942 _n0
948 _c04/03/1997
999 _c88093
_d88093